| 000 | 00839nam a22002297a 4500 | ||
|---|---|---|---|
| 999 |
_c565 _d565 |
||
| 003 | AR-CdUCM | ||
| 008 | 190225b ||||| |||| 00| 0 spa d | ||
| 040 |
_aMUNICIPALIDAD PROVINCIAL DEL CUSCO _cBIBLIOTECA MUNICIPAL DEL CUSCO |
||
| 082 |
_a802.09 / _bB71 |
||
| 100 |
_aBoiadzhiev, G.N. _92195 |
||
| 245 |
_aHistoria del teatro europeo : _bDesde la edad media hasta nuestros días / |
||
| 260 |
_aArgentina : _bFuturo, _c1957. |
||
| 300 |
_a2 tomos ; _c25cm |
||
| 505 | _aContenido: t.1. La edad media -- El renacimiento -- Teatro español -- t.2. Teatro ingles -- Teatro francés -- Teatro alemán. | ||
| 650 |
_aLos istriones _92196 |
||
| 650 |
_aEl misterio _92197 |
||
| 650 |
_aTeatro dramático _92198 |
||
| 650 |
_aAutos sacramentales _92199 |
||
| 700 |
_aDzhivelégov, A. _92200 |
||
| 942 |
_2ddc _cLIBROS |
||
| 945 |
_apjha _d2019-02-25 |
||